19+ David Letterman Appearances Quiz Stats

Quiz Updated May 20, 2015

Challenge
Share
Tweet
Embed
Score 0/35 Timer 04:00
1 Play Today
% Correct
Bill Murray
91.9%
Alec Baldwin
88.6%
Billy Crystal
87.9%
Jerry Seinfeld
87.3%
Robin Williams
86.8%
Tom Hanks
86%
Steve Martin
85.1%
Adam Sandler
82.5%
Bruce Willis
81.6%
Dave's Mom
80.9%
Will Ferrell
78.2%
Howard Stern
75.9%
Regis Philbin
75.5%
Paul Shaffer
75.3%
Martin Short
75.1%
Tina Fey
72.4%
Barbara Walters
70.8%
Martha Stewart
67.6%
% Correct
Donald Trump
66.1%
Cue Card Boy
66.1%
Jack Hanna
62.4%
Larry 'Bud' Melman
61.8%
Tom Brokaw
60.5%
Brian Williams
60.4%
Nathan Lane
57.4%
Dr. Phil
57.3%
Hula Hoop Girl
54.6%
Chris Elliott
52.2%
Marv Albert
52.2%
Biff Henderson
51.3%
Elvis Costello
49.7%
Ricky Gervais
49.1%
Dolly Parton
48.5%
Rupert Jee
35.4%
Alan Kalter
33.8%

You're not logged in!

Compare scores with friends on all Sporcle quizzes.
Join for Free
OR
Log In

You Might Also Like...

Show Comments

Extras

Top Quizzes Today


Score Distribution

Your Account Isn't Verified!

In order to create a playlist on Sporcle, you need to verify the email address you used during registration. Go to your Sporcle Settings to finish the process.

Report this User

Report this user for behavior that violates our Community Guidelines.

Details: